Microsoft Office 2000 thông qua hình ảnh /

Bộ sách "Microsoft Office 2000 thông qua hình ảnh" sẽ hướng dẫn bạn tỉ mỉ, chi tiết về mọi ứng dụng trong bộ phần mềm đặc biệt lý thú này. Với cách trình bày sáng sủa, trực quan, dễ hiểu, bạn sẽ được làm quen dần với các tính năng, công cụ của Office....

תיאור מלא

שמור ב:
מידע ביבליוגרפי
מחבר תאגידי: Elicom.
פורמט: ספר
שפה:Vietnamese
יצא לאור: Hà Nội : Thống kê, 1999.
נושאים:
תגים: הוספת תג
אין תגיות, היה/י הראשונ/ה לתייג את הרשומה!
Thư viện lưu trữ: Mạng thư viện Đại học Đà Nẵng
LEADER 02256cam a2200421 a 4500
001 000043630
003 1646
005 20230414134717.0
008 010217b1999 vm 000 vie
020 |c 22500 
040 |a LRCC  |c LRCC  |d LRCC 
041 0 |a vie 
082 1 4 |a 005.3  |b Mi-O 
245 0 0 |a Microsoft Office 2000 thông qua hình ảnh /  |c Nhóm tác giả Elicom. 
246 0 4 |a Microsoft Office 2000 thông qua hình ảnh :  |b Powerpoint. 
264 1 |a Hà Nội :  |b Thống kê,  |c 1999. 
300 |a 149 tr. ;  |c 27 cm. 
520 3 |a Bộ sách "Microsoft Office 2000 thông qua hình ảnh" sẽ hướng dẫn bạn tỉ mỉ, chi tiết về mọi ứng dụng trong bộ phần mềm đặc biệt lý thú này. Với cách trình bày sáng sủa, trực quan, dễ hiểu, bạn sẽ được làm quen dần với các tính năng, công cụ của Office. 
526 0 |a Công nghệ thông tin 
630 0 4 |a Tin học. 
630 0 4 |a Microsoft Office. 
630 0 4 |a Computer programs. 
650 0 4 |a Microsoft Office (Chương trình máy tính) 
710 2 |a Elicom. 
910 |a ntlquyen 
OWN |a DUT 
AVA |a UDN50  |b DUT  |c Book  |d 005.3 Mi-O  |e check_holdings  |t Error 5003 Not defined in file expand_doc_bib_avail.  |h N  |j SH  |k 1 
Z40 3 |y Microsoft Office 2000 thông qua hình ảnh  |l Library of DUT  |t VIEW  |x http://catalog.udn.vn:80/F?func=service&doc_library=UDN01&local_base=UDN01&doc_number=000043630&sequence=000001&line_number=0001&func_code=DB_RECORDS&service_type=MEDIA  |f 5.SA.43630.Microsoft2000_000023124.pdf  |e pdf  |s 034077545  |k 20230414  |m NTLQUYEN 
999 |a From the UDN01 
AVA |a UDN50  |b DUT  |c Book  |d 005.3 Mi-O  |e available  |t Error 5001 Not defined in file expand_doc_bib_avail.  |f 16  |g 2  |h N  |i 8  |j SH  |k 1 
TYP |a Monograph 
TYP |a Printed language 
856 |y Microsoft Office 2000 thông qua hình ảnh  |l Library of DUT  |t VIEW  |x http://catalog.udn.vn:80/F?func=service&doc_library=UDN01&local_base=UDN01&doc_number=000043630&sequence=000001&line_number=0001&func_code=DB_RECORDS&service_type=MEDIA  |f 5.SA.43630.Microsoft2000_000023124.pdf  |e pdf  |s 034077545  |k 20230414  |m NTLQUYEN 
980 |a Mạng thư viện Đại học Đà Nẵng